000 00704nam a22001937a 4500
005 20180701121151.0
010 _aB-167052
020 _a8178295717
_c450.00
035 _aB-167052
037 _bVistaar Publications
082 _a153.9
100 _aKline, Theresa J.B.
245 _aPsychological testing:
_bA practical approach to design and evaluation
_cKline, Theresa J.B.
260 _aNew Delhi
_bVistaar Publications
_c2005
270 _aB-42, Panchsheel Enclave New Delhi 110017
_bNew Delhi
_e110017
300 _a355p.
_c24cm(pb)
942 _2ddc
_cEN
_h153.9
_mKLI
999 _c153043
_d153043